000 00588nam a2200181 a 4500
005 20140412111302.0
008 000818s19uu xx 00 eng d
020 _a971-508-012-X
050 _aFil 398.2
_bA6 1995
100 _aAlmario, Virgilio S.
245 _aGusto ko ng buwan at bituin :
_bI want the moon and the stars /
_cVirgilio S. Almario; illustrated by Joanne de Leon.
250 _aInternational Ed.
260 _aMetro Manila, Phil :
_bAklat Adarna,
_c1995.
300 _a1 v. (unp.) ; ill.
440 _aAklat Adarna
650 _aFolk Tales-Filipino
999 _c103452
_d103452